|
|
|
|
| LEADER |
00000cam a2200000 a 4500 |
| 001 |
vtls011706864 |
| 003 |
SK-MaSNL |
| 005 |
20260302053416.0 |
| 008 |
240314s2016 xxuoa grnd 000 0deng |
| 020 |
|
|
|a 9781442263390
|q (viaz.)
|
| 040 |
|
|
|a SNK
|b slo
|c SNK
|e AACR2
|
| 041 |
0 |
|
|a eng
|
| 044 |
|
|
|a xxu
|c US
|a xxk
|c GB
|
| 072 |
|
7 |
|a 655
|x Polygrafia. Vydavateľstvá a knižný obchod
|2 konspekt
|
| 080 |
|
|
|a 08/09:930.2
|2 2011
|
| 080 |
|
|
|a 090.1
|2 2011
|
| 080 |
|
|
|a 026/027
|2 2011
|
| 080 |
|
|
|a 655.322
|2 2011
|
| 080 |
|
|
|a 08/09
|2 2011
|
| 080 |
|
|
|a [655.1+686.1]:74/77
|2 2011
|
| 080 |
|
|
|a 655.4/.5
|2 2011
|
| 080 |
|
|
|a (038.072)
|2 2011
|
| 080 |
|
|
|a (038)81
|2 2011
|
| 080 |
|
|
|a 81'373.46
|2 2011
|
| 100 |
1 |
|
|a Berger, Sidney E.,
|d 1944-
|4 aut
|9 168853
|
| 245 |
1 |
4 |
|a The dictionary of the book
|b a glossary for book collectors, booksellers, librarians, and others
|c Sidney E. Berger
|
| 260 |
|
|
|a Lanham
|a Boulder
|a New York
|a London
|b Rowman & Littlefield
|c 2016
|
| 300 |
|
|
|a xiv, 317 s.
|b fotogr., ilustr.
|c 29 cm
|
| 500 |
|
|
|a Biografické údaje
|
| 504 |
|
|
|a Bibliografia na strane 303-317 ; poznámky
|
| 650 |
0 |
7 |
|a knihoveda
|2 SNKPH
|9 68931
|
| 650 |
0 |
7 |
|a bibliology
|2 SNKPHeng
|9 328395
|
| 650 |
0 |
7 |
|a bibliofília
|2 SNKPH
|9 67158
|
| 650 |
0 |
7 |
|a Bibliophilie
|2 SNKPHeng
|9 362250
|
| 650 |
0 |
7 |
|a knižnice
|2 SNKPH
|9 17965
|
| 650 |
0 |
7 |
|a Libraries
|2 SNKPHeng
|9 266251
|
| 650 |
0 |
7 |
|a kníhtlač
|2 SNKPH
|9 30985
|
| 650 |
0 |
7 |
|a Letterpress printing
|2 SNKPHeng
|9 277913
|
| 650 |
0 |
7 |
|a knihy
|2 SNKPH
|9 19731
|
| 650 |
0 |
7 |
|a Books
|2 SNKPHeng
|9 302610
|
| 650 |
0 |
7 |
|a knižné umenie
|2 SNKPH
|9 2744
|
| 650 |
0 |
7 |
|a Art of the book
|2 SNKPHeng
|9 313362
|
| 650 |
0 |
7 |
|a knižný obchod
|2 SNKPH
|9 29140
|
| 650 |
0 |
7 |
|a Book trade
|2 SNKPHeng
|9 313825
|
| 650 |
0 |
7 |
|a odborná terminológia
|2 SNKPH
|9 3616
|
| 650 |
0 |
7 |
|a Terminology (professional)
|2 SNKPHeng
|9 90966
|
| 655 |
|
7 |
|a výkladové slovníky
|2 SNKPH
|9 69007
|
| 655 |
|
7 |
|a Explanatory dictionaries
|2 SNKPHeng
|9 278822
|
| 655 |
|
7 |
|a terminologické slovníky
|2 SNKPH
|9 70504
|
| 655 |
|
7 |
|a Terminological dictionaries
|2 SNKPHeng
|9 90728
|
| 919 |
|
|
|a 978-1-4422-6339-0
|
| 958 |
|
|
|a NB
|
| 999 |
|
|
|c 1109268
|d 1111198
|
| 952 |
|
|
|t snkBER 655(031)
|a SNKUST
|b SNKUST
|y PREZ
|7 0
|p 17A1270481
|o snkIB 73354
|i snk2017/18452
|8 3
|g 112.34
|0 0
|1 0
|4 0
|d 2017-08-15
|l 0
|r 2025-03-20 00:00:00
|w 2026-02-24
|